[Event "BAN-chT2"]
[Site "Dhaka"]
[Date "2017.10.25"]
[Round "4.1"]
[White "Mohammad Murad, Hossain"]
[Black "Rahman, Atiqur"]
[Result "1-0"]
[WhiteElo "1720"]
[BlackElo "1935"]
[PlyCount "71"]
[EventDate "2017.10.22"]
[EventType "team-swiss"]
[EventRounds "7"]
[EventCountry "BAN"]
[SourceTitle "CBM 181 Extra"]
[Source "ChessBase"]
[SourceDate "2017.12.12"]
[SourceVersion "1"]
[SourceVersionDate "2017.12.12"]
[SourceQuality "1"]
[WhiteTeam "Uttara Central CC"]
[BlackTeam "Bangladesh Police"]
[WhiteTeamCountry "BAN"]
[BlackTeamCountry "BAN"]

1. g4 d5 2. Bg2 e5 3. h3 Bc5 4. c4 c6 5. cxd5 cxd5 6. Qb3 Ne7 7. Qb5+ Nd7 8. Nc3 a6 9. Qa4 b5 10. Qc2 Bb7 11. e3 Rc8 12. Qd1 0-0 13. Nce2 Ng6 14. d4 Bb4+ 15. Bd2 Bxd2+ 16. Qxd2 Nh4 17. Kf1 Nxg2 18. Kxg2 f5 19. Ng3 f4 20. exf4 exf4 21. Nf5 Rxf5 22. gxf5 Qg5+ 23. Kh2 Qxf5 24. Nf3 Rc2 25. Qe1 Nf6 26. Rg1 Ne4 27. Rg2 Bc8 28. Qa5 Qxh3+ 29. Kg1 Qxf3 30. Qd8+ Kf7 31. Qxd5+ Be6 32. Qb7+ Ke8 33. Qb8+ Rc8 34. Qe5 Kd7 35. d5 Bf7 36. Qf5+ 1-0